00825nam a22001815i 4500001000700000003000900007005001700016008004100033040003000074100002100104245020700125260009600332300002600428650002200454650002400476700004400500852009900544164897ES-MaACL20250923161112.0981117s1888 sp |||| | spa d aCCPB | B bspa cCCPB | B1 aScherer, Edmond.13aEl sufragio universal y la democracia / cpor Edmundo Scherer ; versión castellana de la segunda ed. francesa, previo consentimiento del autor ; con un prólogo y notas por Eduardo Sanz y Escartín. aMadrid : b[Fuentes y Capdeville, libreros editores], c1888 (fImp. de A. Pérez Dubrull) aXLV, 81 p. ; c20 cm. 7aDemocracia2embne 4aSufragio universal.1 aSanz y Escartín, Eduardo, d1855-1939 aES-MaACLjT-572-F-1 z-- Enc. hol., conservando la cub. original z-- Enc. en un vol. facticio